Oracle applications DBA covers 11i and R12 (Record no. 177161)

000 -LEADER
fixed length control field 00396nam a2200133Ia 4500
008 - FIXED-LENGTH DATA ELEMENTS--GENERAL INFORMATION
fixed length control field 220217s9999||||xx |||||||||||||| ||und||
020 ## - INTERNATIONAL STANDARD BOOK NUMBER
International Standard Book Number 978-0-07-062112-1
082 ## - DEWEY DECIMAL CLASSIFICATION NUMBER
Classification number 005.74 BAN
100 ## - MAIN ENTRY--PERSONAL NAME
Personal name Banerjee, Joyjeet
245 #0 - TITLE STATEMENT
Title Oracle applications DBA covers 11i and R12
260 ## - PUBLICATION, DISTRIBUTION, ETC.
Place of publication, distribution, etc. Tata mcgraw hill company Ltd
Name of publisher, distributor, etc. New Delhi
Date of publication, distribution, etc. 2008
300 ## - PHYSICAL DESCRIPTION
Other physical details 450
650 ## - SUBJECT ADDED ENTRY--TOPICAL TERM
Topical term or geographic name entry element DATA FILES & DATABASE
9 (RLIN) 695
Holdings
Withdrawn status Lost status Damaged status Not for loan Collection code Home library Current library Shelving location Date acquired Full call number Barcode Date last seen Price effective from Koha item type
        Computer Science and Engineering Central Library Central Library Book Cart 02/18/2022 005.74 BAN 12350 02/18/2022 02/18/2022 Books

Powered by Koha